Giáo trình kế toán quản trị doanh nghiệp
Sách khái quát về kế toán quản trị doanh nghiệp. Kế toán quản trị chi phí và giá thành. Định giá bán sản phẩm, kế toán quản trị doanh thu và kết quả kinh doanh. Mối quan hệ giữa chi phí-khối lượng-lợi nhuận (C-V-P). Kế toán quản trị cho việc...
Zapisane w:
| 1. autor: | |
|---|---|
| Format: | Książka |
| Język: | Undetermined |
| Wydane: |
Hà Nội
Tài chính
2005
|
| Hasła przedmiotowe: | |
| Etykiety: |
Dodaj etykietę
Nie ma etykietki, Dołącz pierwszą etykiete!
|
| Thư viện lưu trữ: | Trung tâm Học liệu Trường Đại học Cần Thơ |
|---|
| LEADER | 01055nam a2200205Ia 4500 | ||
|---|---|---|---|
| 001 | CTU_110394 | ||
| 008 | 210402s9999 xx 000 0 und d | ||
| 020 | |c 70000 | ||
| 082 | |a 658.1511 | ||
| 082 | |b T305 | ||
| 100 | |a Đoàn, Xuân Tiên | ||
| 245 | 0 | |a Giáo trình kế toán quản trị doanh nghiệp | |
| 245 | 0 | |c Đoàn Xuân Tiên ...[et al.] | |
| 260 | |a Hà Nội | ||
| 260 | |b Tài chính | ||
| 260 | |c 2005 | ||
| 520 | |a Sách khái quát về kế toán quản trị doanh nghiệp. Kế toán quản trị chi phí và giá thành. Định giá bán sản phẩm, kế toán quản trị doanh thu và kết quả kinh doanh. Mối quan hệ giữa chi phí-khối lượng-lợi nhuận (C-V-P). Kế toán quản trị cho việc ra quyết định ngắn hạn. Dự toán sản xuất kinh doanh và phân tích chi phí kinh doanh | ||
| 650 | |a Managerial accounting | ||
| 904 | |i Tuyến | ||
| 980 | |a Trung tâm Học liệu Trường Đại học Cần Thơ | ||